Геологические критерии оценки ртутного и сурьмяного оруденения: сборник научных трудов

Détails bibliographiques
Collectivité auteur: Академия наук СССР (АН СССР) Институт минералогии, геохимии и кристаллохимии редких элементов (ИМГРЭ)
Autres auteurs: Федорчук В. П. (редактор), Роговой В. М.
Langue:russe
Publié: Москва, Изд-во ИМГРЭ, 1979
Sujets:
Format: Livre
KOHA link:https://koha.lib.tpu.ru/cgi-bin/koha/opac-detail.pl?biblionumber=88576

MARC

LEADER 00000nam0a2200000 4500
001 88576
005 20231031102702.0
035 |a (RuTPU)RU\TPU\book\95060 
090 |a 88576 
100 |a 20051227d1979 m y0rusy50 ca 
101 0 |a rus 
102 |a RU 
105 |a a z 001zy 
200 1 |a Геологические критерии оценки ртутного и сурьмяного оруденения  |e сборник научных трудов  |f Институт минералогии, геохимии и кристаллохимии редких элементов; под ред. В. П. Федорчука, В. М. Рогового 
210 |a Москва  |c Изд-во ИМГРЭ  |d 1979 
215 |a 115 с.  |c ил. 
320 |a Библиогр.: с. 111-115 
610 1 |a геология 
610 1 |a оруденение 
610 1 |a оруденение ртутное 
675 |a 80-4453  |v 3 
702 1 |a Федорчук  |b В. П.  |4 340 
702 1 |a Роговой  |b В. М.  |4 340 
712 0 2 |a Академия наук СССР (АН СССР)  |b Институт минералогии, геохимии и кристаллохимии редких элементов (ИМГРЭ)  |c (Москва)  |2 stltpush  |3 (RuTPU)RU\TPU\col\10887 
801 1 |a RU  |b 63413507  |c 20051227  |g PSBO 
801 2 |a RU  |b 63413507  |c 20170825  |g PSBO 
942 |c BK